al-Muqtabas min anbāʼ ahl al-Andalus /

محفوظ في:

المؤلف الرئيسي: Ibn Ḥayyān, Abū Marwān Ḥayyān ibn Khalaf, 987 or 988-1076 (مؤلف)

مؤلفون آخرون: Makkī, Maḥmūd ʻAlī.

التنسيق: كتاب

اللغة: Arabic

منشور في: al-Qāhirah : Lajnat Ihỵāʼ al-Turāth al-Islāmī, 1971.

سلاسل: Lajnat Iḥyāʼ al-Turāth al-Islāmī ; al-kitāb 21.

الموضوعات:

الوسوم: إضافة وسم

لا توجد وسوم, كن أول من يضع وسما على هذه التسجيلة!

رقم الطلب: DP98 .I26 1971

LEADER 02258nam a2200301Ia 4500
003 OSt
005 20230306093444.0
008 130303s1971 ua ah b 000 0 ara d
952 |0 0  |1 0  |2 lcc  |4 0  |6 DP0098 I26 01971  |7 1  |9 45736  |a ARCE  |b ARCE  |d 2023-03-06  |l 0  |o DP98 .I26 1971  |p 1022468  |r 2023-03-06 00:00:00  |w 2023-03-06  |y BK 
999 |c 29088  |d 29088 
040 |c ARCE Library 
043 |a e-sp--- 
050 4 |a DP98 .I26 1971 
100 1 |6 880-01  |a Ibn Ḥayyān, Abū Marwān Ḥayyān ibn Khalaf,  |d 987 or 988-1076,  |e author 
240 1 0 |a Muqtabis fī akhbār balad al-Andalus 
245 1 3 |6 880-02  |a al-Muqtabas min anbāʼ ahl al-Andalus /   |c li-Ibn Ḥayyān al-Qurṭubī ; ḥaqqaqahu wa-qaddam lahu waʻallaqa ʻalayh Maḥmūd ʻAlī Makkī. 
264 1 |a al-Qāhirah :   |b Lajnat Ihỵāʼ al-Turāth al-Islāmī,   |c 1971. 
300 |a 354 p. :   |b illustrations, facsimiles ;  |c 27 cm. 
490 1 |a Lajnat Iḥyāʼ al-Turāth al-Islāmī ;  |v al-kitāb 21. 
500 |a At head of title: al-Jumhūrīyah al-ʻArabīyah al-Muttahịdah. al-Majlis al-Aʻlā lil-Shuʼūn al-Islāmīyah. Lajnat Ihỵāʼ al-Turāth al-Islāmī. 
504 |a Includes bibliographical references. 
651 0 |a Spain  |x History  |y 711-1516. 
700 1 |a Makkī, Maḥmūd ʻAlī. 
830 0 |a Lajnat Iḥyāʼ al-Turāth al-Islāmī ;   |v al-kitāb 21. 
880 1 |6 100-01/(3/r  |a ابن حيان، أبو مروان حيان بن خلف،‪‪‪‪‪‪‪‪‪‪‪‪‪‪‪‪‪‪‪‪‪‪‪‪‪‪‪‪‪‪‪‪‪‪‪‪‪‪‪‪‪‪‪‪‪‪‪‪‪‪‪‪‪‪‪‪‪‪‪‪‪‪‪‪‪‪‪‪‪‪‪‪‪‪‪‪‪‪‪‪  |d 987 أو 988-1076.‪‪‪‪‪‪‪‪‪‪‪‪‪‪‪‪‪‪‪‪‪‪‪‪‪‪‪‪‪‪‪‪‪‪‪‪‪‪‪‪‪ 
880 1 2 |6 245-02/(3/r  |a المقتبس من أنباء أهل الأندلس   |c لابن حيان القرطبي ؛ حققه و قدم له و علق عليه محمود علي مكي‪‪‪‪‪‪‪‪‪‪‪‪‪‪‪‪‪‪‪‪‪‪‪‪‪‪‪‪‪‪‪‪‪‪‪‪‪‪‪.‪‪‪‪‪‪‪‪‪‪‪‪‪‪‪‪‪‪‪‪‪‪‪‪‪‪‪‪‪‪‪‪‪‪‪‪‪‪‪‪‪ 
901 |a reviewed 
942 |c BK  |2 lcc